LEADER 03006oam 2200637I 450 001 9910792427703321 005 20230725023237.0 010 $a1-136-99179-4 010 $a1-136-99180-8 010 $a1-282-58692-0 010 $a9786612586927 010 $a0-203-85461-6 024 7 $a10.4324/9780203854617 035 $a(CKB)2670000000013821 035 $a(EBL)496375 035 $a(OCoLC)609859093 035 $a(SSID)ssj0000366203 035 $a(PQKBManifestationID)11250856 035 $a(PQKBTitleCode)TC0000366203 035 $a(PQKBWorkID)10414482 035 $a(PQKB)10509645 035 $a(MiAaPQ)EBC496375 035 $a(Au-PeEL)EBL496375 035 $a(CaPaEBR)ebr10382494 035 $a(CaONFJC)MIL258692 035 $a(OCoLC)643577393 035 $a(EXLCZ)992670000000013821 100 $a20180706d2010 uy 0 101 0 $aeng 135 $aur|n|---||||| 181 $ctxt 182 $cc 183 $acr 200 10$aState-society relations in Ba'thist Iraq $efacing dictatorship /$fAchim Rohde 210 1$aLondon ;$aNew York :$cRoutledge,$d2010. 215 $a1 online resource (268 p.) 225 1 $aSOAS/Routledge Studies on the Middle East 300 $aDescription based upon print version of record. 311 $a1-138-78013-8 311 $a0-415-47551-1 320 $aIncludes bibliographical references and index. 327 $aBOOK COVER; TITLE; COPYRIGHT; CONTENTS; ACKNOWLEDGMENTS; A NOTE ON THE TRANSLITERATION; ABBREVIATIONS; INTRODUCTION FACING DICTATORSHIP; PART I THE RISE AND FALL OF AN "INSTANT POWER"; CHAPTER 1 AUTHORITARIANISM AND DEVELOPMENT: THE 1970S; CHAPTER 2 ON THE WAY TO ARMAGEDDON: IRAQ IN THE 1980S; CHAPTER 3 FRAGMENTATION VS. CENTRALISATION: GOVERNING IRAQ, 1991-2003; PART II POWER AND SOCIETY; CHAPTER 4 GENDER POLICIES IN BA'THIST IRAQ; CHAPTER 5 ARTS AND POLITICS; CONCLUSIONS; NOTES; WORKS CITED; INDEX 330 $aScholarship on Iraq under the Ba'th regime has traditionally focused on the rule of Saddam Hussein and his narrow inner circle. The centrality of the former president in Iraqi politics until spring 2003 and the tyranny of his regime were evident, and available sources concerning developments inside Iraqi society during that period were scarce.This book explores whether traditional paradigms of totalitarian rule can be applied to Ba'thist Iraq, closely examining state-society relations and uncovering the nature of the regime and how Iraqis lived with it. The study creates a conceptual 410 0$aSOAS/Routledge Studies on the Middle East 606 $aDictatorship$zIraq 607 $aIraq$xPolitics and government$y1979-1991 607 $aIraq$xPolitics and government$y1991-2003 615 0$aDictatorship 676 $a956.7044 700 $aRohde$b Achim$f1969-,$0853944 801 0$bFlBoTFG 801 1$bFlBoTFG 906 $aBOOK 912 $a9910792427703321 996 $aState-society relations in Ba'thist Iraq$93735990 997 $aUNINA LEADER 03345nam 2200601 a 450 001 9910973644903321 005 20200520144314.0 010 $a9786612163432 010 $a9781282163430 010 $a1282163434 010 $a9789027299239 010 $a9027299234 035 $a(CKB)1000000000578470 035 $a(SSID)ssj0000284650 035 $a(PQKBManifestationID)11230229 035 $a(PQKBTitleCode)TC0000284650 035 $a(PQKBWorkID)10261746 035 $a(PQKB)10438177 035 $a(MiAaPQ)EBC623184 035 $a(DE-B1597)720430 035 $a(DE-B1597)9789027299239 035 $a(EXLCZ)991000000000578470 100 $a19991223d2000 uy 0 101 0 $aeng 135 $aurcnu|||||||| 181 $ctxt 182 $cc 183 $acr 200 04$aThe Syntax of relative clauses /$fArtemis Alexiadou ... [et al.] 205 $a1st ed. 210 $aPhiladelphia, PA $cJ. Benjamins Pub. Co.$dc2000 215 $a1 online resource (403 pages) 225 1 $aLinguistik aktuell =$aLinguistics today,$x0166-0829 ;$vv. 32 300 $aBibliographic Level Mode of Issuance: Monograph 311 08$a9781556199165 311 08$a1556199163 311 08$a9789027227539 311 08$a9027227535 320 $aIncludes bibliographical references and indexes. 327 $aTHE SYNTAX OF RELATIVE CLAUSES -- Editorial page -- Title page -- LCC page -- Table of Contents -- Introduction -- Some Issues in the Syntax of Relative Determiners -- Type-Resolution in Relative Constructions: Featural marking and dependency encoding -- Some Syntactic and Morphological Properties of Relative Clauses in Turkish -- On Relative Clauses and the DP/PP Adjunction Asymmetry -- Relative Asymmetries and Hindi Correlatives -- An Antisymmetry Analysis of Japanese Relative Clauses -- A Complement-of-N0 Account of Restrictive and Non-Restrictive Relatives: The case of Swedish -- Some Consequences of the Complement Analysis for Relative Clauses, Demonstratives and the Wrong Adjectives -- A Head Raising Analysis of Relative Clauses in Dutch -- Name Index -- Subject Index -- The Series LINGUISTIK AKTUELL/LINGUISTICS TODAY. 330 $aThis book presents a cross-section of recent generative research into the syntax of relative clauses constructions. Most of the papers collected here react in some way to Kayne's (1994) proposal to handle relative clauses in terms of determiner complementation and raising of the relativized nominal. The editors provide a thorough introduction of these proposals, their background and motivations, arguments for and against. There are detailed studies in the syntax and the semantics of relative clauses constructions in Latin, Ancient Greek, Romanian, Hindi, (Old) English, Old High German, (dialects of) Dutch, Turkish, Swedish, and Japanese. The book should be of interest to any linguist working within generative syntax. 410 0$aLinguistik aktuell ;$vBd. 32. 606 $aGrammar, Comparative and general$xRelative clauses 615 0$aGrammar, Comparative and general$xRelative clauses. 676 $a415 701 $aAlexiadou$b Artemis$0165117 801 0$bMiAaPQ 801 1$bMiAaPQ 801 2$bMiAaPQ 906 $aBOOK 912 $a9910973644903321 996 $aThe Syntax of relative clauses$94347094 997 $aUNINA